| 000 | 00406nam a22001577a 4500 | ||
|---|---|---|---|
| 005 | 20251108174637.0 | ||
| 008 | 250721s1995 xx 000 0 eng d | ||
| 082 | 1 | 4 | _a362.299/HAM |
| 100 | 1 | _aHammersley, Diane | |
| 245 | 1 | 0 | _aCounselling Beople On Prescribed Drugs / |
| 264 | 1 |
_aLondon : _bSage Publications, _c1995. |
|
| 300 | _a150p. | ||
| 650 | 1 | 7 | _aMEDICINE |
| 942 |
_2ddc _cBK |
||
| 999 |
_c114320 _d114320 |
||